000 00725cab a2200217 4500
001 ABS36410
008 090401t1986 xxu||||| |||| 00| 0 eng d
035 _a(Sirsi) u78467
041 _aeng
100 _aMiller, R.
245 _aProducts in Practice: paints and stains
260 _c1986
350 _a0
490 _aArchitects` Journal
_vSupplement 183 (26) 25 June 1986, (38)
520 _aThis Products in Practice Supplement deals with new developments in paints and coatings for timber , metal, render, concrete , masonry and plaster .
650 _aBUILT ENVIRONMENT-BUILDING MATERIALS-METAL
690 _aBUILT ENVIRONMENT-BUILDING MATERIALS
700 _aGray, R.
942 _n0
948 _c04/03/1997
999 _c49370
_d49370